| 000 -Record Label |
| fixed length control field |
00706cam a2200265 4500 |
| 005 - Version Identifier |
| control field |
20171031125329.0 |
| 010 ## - International Standard Book Number (ISBN) |
| Number (ISBN) |
972422600X |
| 021 ## - Legal Deposit Number |
| Country Code |
PT |
| Number |
170354/01 |
| 035 ## - Other System Control Numbers |
| System Control Number |
(bn)1083043 |
| 100 ## - General Processing Data |
| General Processing Data |
20020506d2001 am y0pory5003 ba |
| 101 1# - Language of the Resource |
| Language of Original Work |
eng |
| 105 ## - Coded Data Field: Textual Material, Monographic |
| Monograph Coded Data |
y z 000ay |
| 106 ## - Coded Data Field: Textual Material - Physical Attributes |
| Textual Material Coded Data Physical Medium Designator |
r |
| 200 1# - Title and Statement of Responsibility |
| Title Proper |
A avó Dan |
| First Statement of Responsibility |
Danielle Steel |
| Subsequent Statement of Responsibility |
trad. Eugénia Antunes |
| 210 ## - Publication, Distribution, etc. |
| Place of Publication, Distribution, etc. |
[Lisboa] |
| Name of Publisher, Distributor, etc. |
Círculo de Leitores, |
| Date of Publication, Distribution, etc. |
imp. 2001 |
| 215 ## - Physical Description |
| Specific Material Designation and Extent of Item |
150 p. |
| Dimensions |
21 cm |
| 304 ## - Notes Pertaining to Title and Statement of Responsibility |
| Text of Note |
Tít. orig.: Granny Dan |
| 600 ## - Personal Name Used as Subject |
| Entry Element |
Steel |
| 601 ## - Corporate Body Name Used as Subject |
| Entry Element |
Círculo de Leitores, |
| 675 ## - Universal Decimal Classification (UDC) |
| Number |
821.111(73)-31"19/20" |
| Edition |
BN |
| Language of Edition |
por |
| 700 #1 - Personal Name - Primary Responsibility |
| Entry Element |
Steel, |
| Part of Name Other than Entry Element |
Danielle, |
| Dates |
1947- |
| 702 #1 - Personal Name - Secondary Responsibility |
| Entry Element |
Antunes, |
| Part of Name Other than Entry Element |
Eugénia |
| Relator Code |
730 |
| 090 ## - System Control Numbers (Koha) |
| Koha biblioitem number (autogenerated) |
2087 |
| 942 ## - ADDED ENTRY ELEMENTS (KOHA) |
| Koha item type |
Books |